000 00768nam a2200241Ia 4500
003 GCL
008 140319s9999 xx 000 0 ara d
040 _aGCL /
_cGCL
082 0 4 _a320.9
_bص ح
100 1 _aصالح الوردانى
245 1 0 _aالحركة الاسلامية والقضية الفلسطينية /
_cصالح الوردانى
260 _a[S.N] :
_bالدار الشرقية ،
_c1990
300 _a99 ص
490 _a
650 0 4 _aالعصر الحديث
650 0 4 _aمصر
650 0 4 _aتاريخ
650 0 4 _aالحركات الفكرية عند المسلمين
650 0 4 _aالقضية الفلسطينية
650 0 4 _aالاسلام والسياسة
650 0 4 _aالاخوان المسلمون
942 _2ddc
_cBK
999 _c55749
_d55749